| 000 | 00518nam a22001937a 4500 | ||
|---|---|---|---|
| 005 | 20260226125314.0 | ||
| 008 | 260226b |||||||| |||| 00| 0 eng d | ||
| 020 |
_a9788176292481 _c1550.00 |
||
| 040 | _aMAIN | ||
| 041 | _aEnglish | ||
| 082 |
_a363.9 _bENV |
||
| 100 |
_aRao, P. Sasi Bhushana (ed) _926424 |
||
| 245 | _aEnvironment Management and Audit | ||
| 260 |
_aNew Delhi _bDeep And Deep _c2022 |
||
| 300 | _a341 | ||
| 650 |
_aEnvironment Science _9310 |
||
| 710 |
_aRao, P. Mohana (ed) _926425 |
||
| 942 | _cBK | ||
| 999 |
_c60469 _d60469 |
||